Tous les arrêts de la ligne F (Pau) - Statistiques

Statistiques générales
  • Ce quiz a été pris 9 fois
  • Le résultat moyen est 7 sur 14
Statistiques - réponses
Réponse % Correct
Catherine de Bourbon
86%
Condorcet - Université
86%
Barthou-Beaumont
71%
PAU Gare de Pau
71%
Saragosse
71%
Halles Despourrins
57%
Boulevard de la Paix
43%
Buros - Le Hameau
43%
Cliniques
43%
Place du Foirail
43%
Tourasse - Cité Administrative
43%
Alliés Alsace-Lorraine
29%
PAU Hôpital F. Mitterrand
29%
PAU Place d'Espagne - Bosquet
14%
Aucun quiz correspondant
Distribution des résultats
% des personnes avec chaque résultat
Percentile par nombre de réponses
Votre historique - résultats
Vous n’avez pas pris ce quiz